[Event "BL2-S9697"]
[Site "Germany"]
[Date "1997.??.??"]
[Round "?.3"]
[White "Stanec, Nikolaus"]
[Black "Werner, Clemens"]
[Result "1/2-1/2"]
[WhiteElo "2460"]
[BlackElo "2350"]

1.d4 d6 2.Nf3 Nf6 3.c4 g6 4.Nc3 Bg7 5.e4 O-O 6.Be2 e5 7.d5 a5 8.Bg5 h6 9.Bh4 Na6
10.Nd2 Bd7 11.Rb1 Qe8 12.b3 Nh7 13.a3 Bf6 14.Bxf6 Nxf6 15.b4 axb4 16.axb4 Qe7
17.O-O Rfb8 18.Qc2 c6 19.Na2 Nc7 20.b5 Qd8 21.Nc3 Ra3 22.Qb2 Raa8 23.Ra1 c5
24.Rae1 g5 25.Ra1 Rxa1 26.Rxa1 Ra8 27.Nb3 Rxa1+ 28.Qxa1 Qa8 29.Qa5 Qxa5 30.Nxa5 Bc8
31.Kf1 Na8 32.Ke1 Nb6 33.Kd2 Kf8 34.Ke3 Ke7 35.Bd1 Kd8 36.Nb1 Kc7 37.Nd2 Nbd7
38.g3 Nf8 39.Nb1 Bh3 40.Nc3 Bc8 41.Be2 N8d7 42.Na4 Nb6 43.Nb2 Bh3 44.f4 Nbd7
45.Nd3 Ng4+ 46.Bxg4 Bxg4 47.fxe5 Nxe5 48.Nxe5 dxe5 49.d6+ Kb6 50.Nb3 Be6
51.Kd3 f6 52.Kc3 Bg4 53.Kd3 Be6 54.Kc3 Bg4 55.Kd3 Be6  1/2-1/2

[Event "BL2-W9798"]
[Site "Germany"]
[Date "1997.??.??"]
[Round "?.1"]
[White "Nielsen, Peter Heine"]
[Black "Balcerak, Jakob"]
[Result "1-0"]
[WhiteElo "2515"]
[BlackElo "2250"]

1.d4 Nf6 2.Nf3 g6 3.c4 Bg7 4.Nc3 d6 5.e4 O-O 6.Be2 e5 7.d5 a5 8.Bg5 h6 9.Be3 Ng4
10.Bc1 f5 11.exf5 gxf5 12.g3 Qe8 13.Nh4 Na6 14.O-O Bd7 15.h3 Nf6 16.f4 Nc5
17.Kh2 exf4 18.Bxf4 Nfe4 19.Rc1 Nxc3 20.bxc3 Ba4 21.Qd2 Ne4 22.Qd3 Bd7 23.Bf3 Ng5
24.Qd2 Nxf3+ 25.Rxf3 Qh5 26.Re1 Rae8 27.Rfe3 Rxe3 28.Rxe3 Bf6 29.Ng2 b6 30.Re1 Kh7
31.Be3 Rg8 32.Bd4 Bg5 33.Nf4 Bxf4 34.Re7+ Kg6 35.gxf4  1-0

[Event "Oberliga Nord N9697"]
[Site "Germany"]
[Date "1997.??.??"]
[Round "?"]
[White "Knuth, Hannes"]
[Black "Rostalski, Walter"]
[Result "0-1"]
[WhiteElo "2280"]
[BlackElo "2250"]

1.d4 Nf6 2.c4 g6 3.Nc3 Bg7 4.e4 d6 5.Be2 O-O 6.Nf3 e5 7.O-O Nbd7 8.Be3 Ng4
9.Bg5 f6 10.Bh4 Nh6 11.dxe5 dxe5 12.b4 Nf7 13.Nd2 Ng5 14.Bxg5 fxg5 15.c5 h5
16.Qb3+ Kh7 17.Rad1 g4 18.Nc4 c6 19.Nd6 Qe7 20.Nxc8 Raxc8 21.Rd6 Nf6 22.Bc4 Rfd8
23.Be6 Rb8 24.Rfd1 Bf8 25.h3 Qc7 26.Rxd8 Rxd8 27.hxg4 hxg4 28.g3 b6 29.cxb6 Rxd1+
30.Nxd1 Qxb6 31.a3 Bh6 32.Qd3 c5 33.bxc5 Qxe6 34.Nc3 Qc6 35.Qc4 Bf8 36.Qf7+ Bg7
37.Qxa7 Nxe4 38.Nxe4 Qxe4 39.a4 Qd4 40.a5 e4 41.Qe7 Qa1+ 42.Kg2 Qxa5 43.c6 e3
44.c7 Qd5+ 45.Kg1 exf2+ 46.Kxf2 Qf3+ 47.Ke1 Qxg3+ 48.Kd2 Qh2+ 49.Kd3 Qh3+
50.Kc4 g3 51.Qd8 Qg4+ 52.Kb5 g2 53.c8=Q g1=Q 54.Qc6 Qe2+ 55.Ka5 Qa1+ 56.Kb6 Qaa6+
57.Kc7 Be5+ 58.Kd7 Qed3+ 59.Ke7 Qxd8+ 60.Kf7 Qf6+  0-1

[Event "BL2-S9697"]
[Site "Germany"]
[Date "1997.??.??"]
[Round "?.7"]
[White "Kratochwil, Christian"]
[Black "Osorios Ortiz, Marcos"]
[Result "1-0"]
[WhiteElo "2230"]
[BlackElo "2265"]

1.c4 Nf6 2.Nc3 g6 3.e4 d6 4.d4 Bg7 5.Be2 O-O 6.Nf3 e5 7.O-O exd4 8.Nxd4 Re8
9.f3 c6 10.Kh1 Nbd7 11.Bg5 Qb6 12.Nb3 a5 13.Qd2 a4 14.Be3 Qb4 15.Nd4 a3 16.Nc2 Qa5
17.b4 Qc7 18.Rad1 Nh5 19.g4 Nhf6 20.Nb1 d5 21.g5 Nh5 22.cxd5 cxd5 23.Ncxa3 Nb6
24.Nb5 Qd8 25.N1c3 Be6 26.exd5 Nxd5 27.Nxd5 Bxd5 28.Qxd5 Qxd5 29.Rxd5 Rxe3
30.Bc4 Rc8 31.Nd6 Rc7 32.Rc5 Rxc5 33.bxc5 Bd4 34.Nxb7 Rc3 35.Bb3 Be3 36.Nd6 Rxc5
37.Nxf7 Kf8 38.Rd1 Rc3 39.Nd6 Nf4 40.Ne4 Rc7 41.Nf6 Bf2 42.Rd8+ Ke7 43.Re8+  1-0

[Event "BL2-N9697"]
[Site "Germany"]
[Date "1997.??.??"]
[Round "?.6"]
[White "Giemsa, Stephan"]
[Black "Juhnke, Karl"]
[Result "1/2-1/2"]
[WhiteElo "2310"]
[BlackElo "2305"]

1.d4 Nf6 2.c4 g6 3.Nc3 Bg7 4.e4 d6 5.Nf3 O-O 6.Be2 e5 7.O-O exd4 8.Nxd4 Re8
9.f3 Nc6 10.Be3 Nh5 11.Qd2 Nf4 12.Rfd1 Nxe2+ 13.Ncxe2 Ne5 14.Rac1 Qe7 15.b3 f6
16.Nb5 a6 17.Nbc3 b6 18.Nd5 Qf7 19.Bh6 Bh8 20.Ng3 Bb7 21.b4 Rad8 22.h3 Nc6
23.Be3 Bc8 24.Qf2  1/2-1/2

[Event "BL2-S9798"]
[Site "Germany"]
[Date "1997.??.??"]
[Round "?.1"]
[White "Schlindwein, Rolf"]
[Black "Schmaltz, Roland"]
[Result "1-0"]
[WhiteElo "2425"]
[BlackElo "2445"]

1.d4 Nf6 2.Nf3 g6 3.c4 Bg7 4.Nc3 O-O 5.e4 d6 6.Be2 e5 7.O-O exd4 8.Nxd4 Re8
9.f3 c6 10.Kh1 Na6 11.Bg5 h6 12.Bh4 Nc7 13.Nb3 a5 14.Na4 Ne6 15.Bf2 c5 16.e5 dxe5
17.Qxd8 Rxd8 18.Nbxc5 Nxc5 19.Bxc5 Rd2 20.Rfe1 Bd7 21.Nb6 Rd8 22.Rad1 Be6
23.Be3 Rxd1 24.Rxd1 Rxd1+ 25.Bxd1 Nd7 26.Nxd7 Bxd7 27.a4 e4 28.b3 Be5 29.fxe4 h5
30.Bb6 Bc3 31.Kg1 f6 32.Kf2 Kf7 33.Ke3 Ke6 34.Be2 Ke7 35.Bc5+ Ke6 36.Bd4 Bb4
37.c5 Bc6 38.Bc4+ Ke7 39.Bd5 Ba3 40.Kd3 Bc1 41.Bc3 Bf4 42.Bxc6 bxc6 43.Bxa5 Bxh2
44.Bc3 g5 45.a5 Bb8 46.a6 Ba7 47.Ba5  1-0

[Event "BL2-O9697"]
[Site "Germany"]
[Date "1997.??.??"]
[Round "?.1"]
[White "Spiess, Gunter"]
[Black "Hoffmann, Hendrik"]
[Result "1-0"]
[WhiteElo "2410"]
[BlackElo "2300"]

1.d4 Nf6 2.c4 g6 3.Nc3 Bg7 4.e4 d6 5.Nf3 O-O 6.Be2 e5 7.O-O exd4 8.Nxd4 Re8
9.f3 Nc6 10.Be3 Nh5 11.Qd2 Nf4 12.Rfd1 f5 13.Bf1 Ne6 14.Nxe6 Bxe6 15.exf5 Bxf5
16.Nd5 Qd7 17.Bh6 Be6 18.Bxg7 Qxg7 19.Rac1 Rad8 20.Qc3 Ne5 21.f4 c6 22.fxe5 cxd5
23.exd6 Rxd6 24.cxd5 Rxd5 25.Re1 Qxc3 26.Rxc3 Rd6 27.Rc7 Rb6 28.Bc4 h5 29.Rxe6 Rexe6
30.Re7 Kf8 31.Rxe6 Rxb2 32.Re2 Rb1+ 33.Kf2 Rc1 34.Bb3 b5 35.Rc2 Rxc2+ 36.Bxc2 a5
37.Bxg6 a4 38.Bxh5 b4 39.Bd1 b3 40.Bxb3  1-0

[Event "BL9697 (Women)"]
[Site "Germany"]
[Date "1997.??.??"]
[Round "?"]
[White "Prudnikova, Svetlana"]
[Black "Richtrova, Eliska"]
[Result "1-0"]
[WhiteElo "2385"]
[BlackElo "2315"]

1.d4 Nf6 2.c4 g6 3.Nc3 Bg7 4.e4 d6 5.Be2 O-O 6.Nf3 e5 7.O-O exd4 8.Nxd4 Re8
9.f3 Nc6 10.Be3 Nh5 11.f4 Nf6 12.Bf3 Ng4 13.Bxg4 Bxg4 14.Qd2 Be6 15.b3 Qf6
16.f5 gxf5 17.Ncb5 f4 18.Rxf4 Qe7 19.Raf1 Ne5 20.Nf5 Bxf5 21.Rxf5 a6 22.Nc3 c6
23.Bg5 Qf8 24.Ne2 b5 25.cxb5 axb5 26.Nf4 d5 27.Nh5 Qc5+ 28.Kh1 Bh8 29.Nf6+ Bxf6
30.Bxf6 Ng6 31.exd5 cxd5 32.Rxd5 Qe3 33.Qxe3 Rxe3 34.Rxb5 h6 35.a4 Nf4 36.a5 Rd3
37.b4 Nd5 38.h3 Ra6 39.Be5 Re6 40.Rb8+ Kh7 41.Rh8+ Kg6 42.Rg8+  1-0

[Event "BL2-W9798"]
[Site "Germany"]
[Date "1997.??.??"]
[Round "?.7"]
[White "Hammes, Michael"]
[Black "Neidhardt, Claus Ulrich"]
[Result "0-1"]
[WhiteElo "2310"]
[BlackElo "2410"]

1.d4 Nf6 2.Nf3 g6 3.c4 Bg7 4.Nc3 O-O 5.e4 d6 6.Be2 e5 7.O-O exd4 8.Nxd4 Re8
9.f3 c6 10.Kh1 Na6 11.Bg5 h6 12.Bh4 Nc7 13.Qd2 Nxe4 14.fxe4 Qxh4 15.Nf3 Qe7
16.Rad1 Bg4 17.Ng1 Bxe2 18.Ngxe2 Rad8 19.Qe3 a6 20.Qb6 Ne6 21.b4 Qc7 22.Qe3 Ng5
23.h4 Ne6 24.a4 a5 25.bxa5 Qxa5 26.Rb1 Rd7 27.Rfd1 Qe5 28.Qa7 Nc5 29.Rd4 Qh5
30.e5 Bxe5 31.Qxc5 dxc5 32.Rxd7 Bxc3  0-1

[Event "BL2-O9697"]
[Site "Germany"]
[Date "1997.??.??"]
[Round "?.5"]
[White "Bauer, Claus"]
[Black "Doeres, Hans Juergen"]
[Result "1-0"]
[WhiteElo "2185"]
[BlackElo "2235"]

1.d4 Nf6 2.c4 d6 3.Nf3 g6 4.Nc3 Bg7 5.e4 O-O 6.Be2 e5 7.O-O Nbd7 8.d5 a5
9.Bg5 h6 10.Bh4 g5 11.Bg3 Nh5 12.Nd2 Nf4 13.b3 Nf6 14.Rc1 b6 15.a3 Bd7 16.b4 axb4
17.axb4 Qe7 18.Ra1 Rxa1 19.Qxa1 Nxe2+ 20.Nxe2 Nxe4 21.Nxe4 f5 22.N4c3 f4
23.Ne4 Bf5 24.f3 fxg3 25.N2xg3 Bg6 26.Qc1 Ra8 27.Qc3 h5 28.Ra1 Rxa1+ 29.Qxa1 Bh6
30.Qa8+ Kh7 31.Qc8 Qf7 32.h3 h4 33.Nf1 Bf5 34.Qd8 Bxe4 35.fxe4 g4 36.Qxh4 gxh3
37.Qxh3 Kg6 38.Qg4+ Bg5 39.g3 Kh6 40.Kg2  1-0

[Event "BL2-S9697"]
[Site "Germany"]
[Date "1997.??.??"]
[Round "?.5"]
[White "Kraai, Jesse"]
[Black "Doettling, Fabian"]
[Result "1/2-1/2"]
[WhiteElo "2340"]
[BlackElo "2310"]

1.d4 Nf6 2.c4 g6 3.Nc3 Bg7 4.e4 d6 5.Nf3 O-O 6.Be2 e5 7.d5 Nbd7 8.Bg5 h6
9.Bh4 g5 10.Bg3 Nh5 11.h4 g4 12.Nh2 f5 13.exf5 Nxg3 14.fxg3 Nc5 15.Nxg4 Bxf5
16.O-O Qe7 17.Qd2 Bxg4 18.Bxg4 e4 19.b4 Qe5 20.bxc5  1/2-1/2

[Event "Oberliga Nord W9798"]
[Site "Germany"]
[Date "1997.??.??"]
[Round "?.3"]
[White "Boehm, Juergen"]
[Black "Hoelscher, Thorsten"]
[Result "0-1"]
[WhiteElo "2215"]
[BlackElo "2155"]

1.d4 g6 2.c4 Bg7 3.Nf3 Nf6 4.Nc3 O-O 5.e4 d6 6.Be2 e5 7.d5 a5 8.Bg5 h6 9.Bh4 Na6
10.Nd2 Qe8 11.a3 Bd7 12.b3 Nh7 13.f3 h5 14.Rb1 Bh6 15.Bf2 Qe7 16.h4 f5 17.b4 axb4
18.axb4 Nf6 19.Bd3 Rfb8 20.Qc2 c5 21.dxc6 bxc6 22.b5 Nc5 23.Bxc5 dxc5 24.exf5 e4
25.fxe4 gxf5 26.O-O Be3+ 27.Kh1 Nxe4 28.Nf3 Ng3+ 29.Kh2 Nxf1+ 30.Rxf1 Ra3
31.Kh1 Qf6 32.Nd1 Bf4 33.Nf2 Rba8 34.bxc6 Bxc6 35.Nh3 Ra2 36.Qb3 Bg3 37.Nhg5 Rb2
38.Qd1 Raa2 39.Bb1 Ra1 40.Qd3 Bxh4 41.Nh7 Qg7 42.Nhg5 Bxg5 43.Qxf5 Bd8 44.Qe6+ Kh8
45.Nh4 Bxg2+ 46.Kg1 Qd4+  0-1

[Event "Oberliga Nord W9798"]
[Site "Germany"]
[Date "1997.??.??"]
[Round "?.3"]
[White "Boehm, Juergen"]
[Black "Richter, Matthias Alexander"]
[Result "1/2-1/2"]
[WhiteElo "2215"]
[BlackElo "2275"]

1.d4 Nf6 2.Nf3 g6 3.c4 Bg7 4.Nc3 O-O 5.e4 d6 6.Be2 e5 7.d5 a5 8.Bg5 h6 9.Bh4 Na6
10.Nd2 Qe8 11.a3 Bd7 12.b3 h5 13.f3 Nh7 14.Rb1 Bh6 15.Bf2 Qe7 16.b4 axb4
17.axb4 b6 18.h4 f5 19.Bd3 Nf6 20.Qc2 Kg7 21.Nf1 fxe4 22.Nxe4 Nxe4 23.Bxe4 Bf5
24.Ng3 Qf7 25.O-O Bf4 26.Rb3 Nb8 27.Ne2 Bxe4 28.Qxe4 Nd7 29.Nc3 Qf5 30.Nb5 Rfc8
31.Nc3 Nf6 32.Qe2 Rcb8 33.Ne4 Nxe4 34.fxe4 Qg4 35.Qc2 Rf8 36.c5 bxc5 37.bxc5 dxc5
38.Qxc5 Rf7 39.Rb7 Qe2 40.Re1 Qd2 41.Rxc7 Rf8 42.Rxf7+ Rxf7 43.g3 Bh6 44.d6 Kh7
45.Rf1 Rxf2 46.Qc7+ Kg8 47.Rxf2 Be3 48.Qd8+ Kh7 49.Qe7+ Kg8 50.Qe8+  1/2-1/2

[Event "Oberliga Ost A9798"]
[Site "Germany"]
[Date "1997.??.??"]
[Round "?"]
[White "Bergmann, Andy"]
[Black "Mueller, Andrea"]
[Result "1-0"]
[WhiteElo "2195"]
[BlackElo "2115"]

1.d4 Nf6 2.Nf3 g6 3.c4 Bg7 4.Nc3 O-O 5.e4 d6 6.Be2 e5 7.d5 Nbd7 8.O-O h6
9.Qc2 Ne8 10.g3 f5 11.Nh4 Qf6 12.exf5 gxf5 13.f4 e4 14.Be3 Nc5 15.Rad1 a5
16.Bd4 Qf7 17.Bxg7 Qxg7 18.Kh1 Nf6 19.Nb5 e3 20.Qc3 Nfe4 21.Qxg7+ Kxg7 22.Nxc7 Nf2+
23.Kg2 Nxd1 24.Nxa8 Nxb2 25.Nb6 Nba4 26.Nxc8 Rxc8 27.Nxf5+ Kf6 28.Nxe3 Nc3
29.Bg4 Rg8 30.Bf3 Nd3 31.Ng4+ Kg7 32.Nf2 Nc5 33.Rc1 Nxa2 34.Ra1 Nb4 35.Rxa5 Re8
36.Rb5 Nc2 37.Bh5 Re1 38.Rb2 Ne3+ 39.Kf3 Nxc4 40.Re2 Rxe2 41.Kxe2 b5 42.Nd3 Ne4
43.Nb4 Nf6 44.Bf3 Kg6 45.Kd3 Kf5 46.Nc2 Kg6 47.Kc3 Nb6 48.Ne3 Ne8 49.Kb4 Nc7
50.g4 Nd7 51.Be4+ Kf7 52.h4 Nc5 53.Bc2 Nd7 54.g5 hxg5 55.fxg5 Ne5 56.Be4 Ng6
57.h5 Nf4 58.h6 Kg8 59.Ka5 Kh8 60.Kb6 Ne8 61.Kxb5  1-0

[Event "Landesliga Sued 9697 Bayern"]
[Site "Germany"]
[Date "1997.??.??"]
[Round "?"]
[White "Ploehn, Heiko"]
[Black "Hackenberg, Andreas"]
[Result "1/2-1/2"]
[WhiteElo "2165"]
[BlackElo "2120"]

1.d4 Nf6 2.c4 g6 3.Nc3 Bg7 4.e4 O-O 5.Nf3 d6 6.Be2 e5 7.O-O Nbd7 8.Re1 c6
9.h3 Qc7 10.Be3 exd4 11.Nxd4 Re8 12.Qc2 Nc5 13.Bf3 a5 14.Rad1 Nfd7 15.Be2 Nf6
16.Bf3 Nfd7 17.b3 Ne5 18.Be2 Ne6 19.f4 Bh6 20.Nxe6 Bxe6 21.Qd2 Nd7 22.Qxd6 Qxd6
23.Rxd6 Bf8 24.Rd3 Bb4 25.Red1 Nc5 26.Bxc5 Bxc5+ 27.Kh2 Bb6 28.g3 Bc7 29.Bf3 a4
30.e5 axb3 31.axb3 Ra3 32.Ne4 Rea8 33.Nf6+ Kg7 34.Bg4 Ra2+ 35.R1d2 Bxg4 36.hxg4 Rxd2+
37.Rxd2 Rd8 38.Rxd8 Bxd8 39.Ne8+ Kf8 40.Nd6 b6 41.g5 Ke7 42.Kg2 Ke6 43.Kf3 Be7
44.Ne4 Bf8 45.Nf6 h6 46.gxh6 Bxh6 47.Ke4 Bf8 48.g4 Ba3 49.f5+ Ke7 50.Nh7 Bc1
51.b4 gxf5+ 52.gxf5 b5 53.cxb5 cxb5 54.Nf6 Ba3 55.Nd5+ Kd7 56.Kd4 Kc6 57.f6 Bb2+
58.Ke4 Kd7 59.Nf4 Bc3 60.Nd5 Bb2 61.Kf5 Ba3 62.Ke4 Bb2 63.Kf5  1/2-1/2

[Event "BL2-W9697"]
[Site "Germany"]
[Date "1997.??.??"]
[Round "?.5"]
[White "Kamp, Christoph"]
[Black "Franke, Johannes"]
[Result "1-0"]
[WhiteElo "2295"]
[BlackElo "2220"]

1.c4 Nf6 2.Nc3 g6 3.e4 d6 4.d4 Bg7 5.Be2 O-O 6.Nf3 Nbd7 7.O-O e5 8.Qc2 exd4
9.Nxd4 Nc5 10.Be3 Re8 11.f3 a5 12.Rad1 Bd7 13.Ndb5 b6 14.b3 Bc6 15.a3 Nfd7
16.b4 Ne6 17.Nd5 axb4 18.axb4 Bxb5 19.cxb5 Ra7 20.f4 Qa8 21.Bc4 Ra3 22.f5 Nd8
23.Bc1 Ra7 24.f6 Bf8 25.Ne7+ Bxe7 26.fxe7 Rxe7 27.Bd5 Qc8 28.Bg5 Re5 29.Qd2 Ne6
30.Bf4 Nxf4 31.Qxf4 Qf8 32.Bxf7+ Kg7 33.Rd3 Qe7 34.Bd5 Nf6 35.Rh3 Nxd5 36.Qh6+ Kg8
37.Rf8+  1-0

[Event "Oberliga Ost A9798"]
[Site "Germany"]
[Date "1997.??.??"]
[Round "?.3"]
[White "Maedler, Juergen"]
[Black "Hamann, Sven"]
[Result "1/2-1/2"]
[WhiteElo "2235"]
[BlackElo "2235"]

1.d4 Nf6 2.c4 g6 3.Nc3 Bg7 4.e4 d6 5.Nf3 O-O 6.Be2 e5 7.O-O c6 8.Be3 exd4
9.Nxd4 Re8 10.Qc2 d5 11.cxd5 cxd5 12.exd5 Nxd5 13.Nxd5 Qxd5 14.Bc4 Qe5 15.Qb3 Qe7
16.Rad1 Nc6 17.Nxc6 bxc6 18.Bd4 Bg4 19.f3 Bxd4+ 20.Rxd4 Be6 21.Bxe6 Qxe6  1/2-1/2

[Event "Oberliga Nord W9798"]
[Site "Germany"]
[Date "1997.??.??"]
[Round "?.2"]
[White "Kiese, Matthias"]
[Black "Von Alvensleben, Wolfram"]
[Result "0-1"]
[WhiteElo "2175"]
[BlackElo "2225"]

1.d4 Nf6 2.c4 g6 3.Nc3 Bg7 4.e4 d6 5.Nf3 O-O 6.Be2 c6 7.O-O e5 8.h3 exd4
9.Nxd4 Re8 10.Bf3 Nbd7 11.Nb3 a5 12.Qxd6 Ne5 13.Qxd8 Nxf3+ 14.gxf3 Rxd8 15.Kg2 a4
16.Nc5 a3 17.Rb1 Nh5 18.N3a4 axb2 19.Bxb2 Bf8 20.Rfd1 Re8 21.Nb6 Rxa2 22.Ncd7 Be7
23.Nxc8 Rxc8 24.Bd4 Nf4+ 25.Kh2 Ne6 26.Be3 Bg5 27.Bxg5 Nxg5 28.Kg2 Rc7 29.h4 Ne6
30.Nf6+ Kf8 31.Nxh7+ Ke7 32.Ng5 Nf4+ 33.Kg3 Ne2+ 34.Kg2 Rc2 35.Rb4 c5 36.Rb6 Rxc4
37.Rdb1 Rd4 38.Rxb7 Rdd7 39.R7b6 c4 40.Kf1 Nf4 41.R6b2 c3 42.Rc2 Rd2 43.Rbc1 Rcd7
44.Kg1 Ne2+ 45.Kg2 Rxc2 46.Rxc2 Rd2  0-1

[Event "Oberliga Nord O9697"]
[Site "Germany"]
[Date "1997.??.??"]
[Round "?"]
[White "Kesik, Klaus Dieter"]
[Black "Muse, Drazen"]
[Result "1/2-1/2"]
[WhiteElo "2270"]
[BlackElo "2335"]

1.d4 Nf6 2.Nf3 d6 3.c4 g6 4.Nc3 Bg7 5.e4 O-O 6.Be2 e5 7.dxe5 dxe5 8.Qxd8 Rxd8
9.Bg5 Nbd7 10.O-O-O Rf8 11.Nd5 c6 12.Ne7+ Kh8 13.Nxc8 Rfxc8 14.Bxf6 Nxf6
15.Nxe5 Nxe4 16.Nxf7+ Kg8 17.Nd6 Nxf2 18.Nxc8 Rxc8 19.Rhf1 Nxd1 20.Rxd1 Rc7
21.h3  1/2-1/2

[Event "BL2-W9697"]
[Site "Germany"]
[Date "1997.??.??"]
[Round "?.2"]
[White "Pelletier, Yannick"]
[Black "Van den Doel, Erik"]
[Result "1-0"]
[WhiteElo "2470"]
[BlackElo "2430"]

1.d4 Nf6 2.c4 g6 3.Nc3 Bg7 4.e4 d6 5.Be2 O-O 6.Nf3 e5 7.O-O Nh5 8.Be3 Nf4
9.d5 f5 10.Bxf4 exf4 11.exf5 Bxc3 12.bxc3 Bxf5 13.Qd2 Bc8 14.c5 dxc5 15.Rfe1 Nd7
16.d6 Nb6 17.dxc7 Qxc7 18.a4 a5 19.Bb5 Bf5 20.Re5 Bg4 21.Rae1 Bxf3 22.gxf3 Rad8
23.Qe2 Nc8 24.Qc4+ Kh8 25.Rxc5 Qg7 26.Rc7 Qf6 27.Qe6 Qg5+ 28.Kf1 Nd6 29.Qe7 Qh6
30.Bd7 g5 31.Re6 Qh3+ 32.Ke1 Nf5 33.Qc5 Nh4 34.Qe5+ Kg8 35.Rg6+ Nxg6 36.Be6+ Qxe6
37.Qxe6+ Kh8 38.Kf1 Rd1+ 39.Ke2 Rdd8 40.Kf1 Rd1+ 41.Ke2 Rdd8 42.Qb6 g4 43.Qb1 b5
44.c4 Rfe8+ 45.Kf1 bxc4 46.Qa1+ Ne5 47.Rc5 c3 48.Qxc3 Rd1+ 49.Kg2  1-0

[Event "Oberliga Nord O9697"]
[Site "Germany"]
[Date "1997.??.??"]
[Round "?"]
[White "Steinert, Marc"]
[Black "Rosenthal, Dirk"]
[Result "1/2-1/2"]
[WhiteElo "2210"]
[BlackElo "2320"]

1.d4 Nf6 2.c4 g6 3.Nc3 Bg7 4.e4 d6 5.Nf3 O-O 6.Be2 e5 7.dxe5 dxe5 8.Qxd8 Rxd8
9.Bg5 Re8 10.Nd5 Nxd5 11.cxd5 c6 12.Bc4 cxd5 13.Bxd5 Na6 14.O-O-O Nc7 15.Bb3 Be6
16.Bxe6 Nxe6 17.Be3 Re7 18.Kb1 f6 19.Rd5 b6 20.Rhd1 Rc8 21.Nd2 h5 22.b3 Kh7
23.Nc4 Bh6 24.Rd7 Rc7 25.Rxc7 Nxc7 26.Rd6 Bxe3  1/2-1/2

[Event "Oberliga Ost B9798"]
[Site "Germany"]
[Date "1997.??.??"]
[Round "?.7"]
[White "Stratmann, Burkhard"]
[Black "Klamp, Christoph"]
[Result "1/2-1/2"]
[WhiteElo "2245"]
[BlackElo "2300"]

1.d4 Nf6 2.c4 g6 3.Nc3 Bg7 4.e4 d6 5.Nf3 O-O 6.Be2 e5 7.O-O Na6 8.Re1 c6
9.h3 Qb6 10.dxe5 dxe5 11.Qc2 Nh5 12.Be3 Qc7 13.Rad1 Nf4 14.Bf1 f5 15.Qc1 fxe4
16.Ng5 Nd3 17.Bxd3 exd3 18.Rxd3 Bf5 19.Nge4 Rad8 20.Rdd1 b6 21.b3  1/2-1/2

[Event "BL2-N9697"]
[Site "Germany"]
[Date "1997.??.??"]
[Round "?.5"]
[White "Juhnke, Karl"]
[Black "Thiede, Lars"]
[Result "0-1"]
[WhiteElo "2305"]
[BlackElo "2310"]

1.d4 Nf6 2.c4 g6 3.Nc3 Bg7 4.e4 d6 5.Be2 O-O 6.Nf3 Na6 7.O-O e5 8.Re1 c6
9.Bf1 exd4 10.Nxd4 Ng4 11.h3 Qb6 12.hxg4 Qxd4 13.Qf3 Qe5 14.Bf4 Qe7 15.Qg3 Be5
16.g5 f6 17.gxf6 Rxf6 18.Bxe5 dxe5 19.Na4 Rf4 20.c5 Nc7 21.Qb3+ Kg7 22.Qa3 Be6
23.Qc3 Bd7 24.b3 Raf8 25.f3 Qg5 26.Re3 Ne6 27.Rd1 Bc8 28.Nb2 Nd4 29.Rdd3 Bg4
30.Qd2 h6 31.Nc4 Bxf3 32.Rxd4 exd4 33.Qxd4+ Kh7 34.Ne5 Bxe4 35.Rxe4 Rxf1+
36.Kh2 Rd8 37.Qb4 Qh5+ 38.Kg3 Qg5+ 39.Kh3 Qf5+ 40.Kh2 Rg8 41.Qxb7+ Rg7 42.Qxc6 Qh5+
43.Kg3 Qg5+ 44.Kh2 Rf2 45.Ng4 Qh4+ 46.Kg1 Rf5  0-1

[Event "BL2-N9697"]
[Site "Germany"]
[Date "1997.??.??"]
[Round "?.5"]
[White "Cladouras, Panagiotis"]
[Black "Thiede, Lars"]
[Result "1/2-1/2"]
[WhiteElo "2390"]
[BlackElo "2310"]

1.d4 Nf6 2.c4 g6 3.Nc3 Bg7 4.e4 d6 5.Nf3 O-O 6.Be2 Na6 7.O-O e5 8.d5 Nc5
9.Qc2 a5 10.Ne1 Bd7 11.Be3 b6 12.Rd1 h5 13.f3 Kh7 14.Qd2 Ng8 15.Nc2 Qe7 16.Rf2 Bh6
17.Bxh6 Nxh6 18.f4 f5 19.fxe5 Qxe5 20.exf5 Rxf5 21.Bf3 Re8 22.Re2 Qh8  1/2-1/2

[Event "BL9798 (Women)"]
[Site "Germany"]
[Date "1997.??.??"]
[Round "?.2"]
[White "Broeder, Iris"]
[Black "Micic, Jordanka"]
[Result "0-1"]
[WhiteElo "2165"]
[BlackElo "2300"]

1.d4 Nf6 2.c4 g6 3.Nc3 Bg7 4.Nf3 O-O 5.e4 d6 6.Be2 e5 7.O-O Na6 8.d5 Nc5
9.Qc2 a5 10.Ne1 Bd7 11.Bg5 Qe8 12.Rc1 Kh8 13.b3 Ng8 14.Nd3 b6 15.f3 f5 16.Nxc5 bxc5
17.a4 Bh6 18.Bd2 Bxd2 19.Qxd2 Nf6 20.exf5 Bxf5 21.Nb5 Qe7 22.Rc3 Qg7 23.Re1 Rf7
24.Bd1 g5 25.Bc2 Bxc2 26.Qxc2 Nh5 27.Re4 Raf8 28.h3 Ng3 29.Rg4 Nf5 30.Qd2 Rg8
31.Rc2 h5 32.Re4 Ng3 33.Re1 g4 34.hxg4 hxg4 35.Kf2 gxf3 36.gxf3 Qh7 37.Qd1 e4  0-1

[Event "BL2-O9798"]
[Site "Germany"]
[Date "1997.??.??"]
[Round "1.4"]
[White "Priehoda, Vitezslav"]
[Black "Schaack, Harry"]
[Result "0-1"]
[WhiteElo "2400"]
[BlackElo "2310"]

1.d4 Nf6 2.c4 g6 3.Nc3 Bg7 4.e4 d6 5.Be2 O-O 6.Nf3 e5 7.d5 a5 8.Bg5 h6 9.Bh4 Na6
10.Nd2 h5 11.Bg5 Qe8 12.O-O Bd7 13.b3 Nh7 14.Be3 f5 15.exf5 gxf5 16.Bxh5 Qe7
17.c5 f4 18.cxd6 Qh4 19.g3 Qh3 20.Nde4 fxe3 21.dxc7 Nxc7 22.d6 Ne8 23.Bf3 Nef6
24.fxe3 Bc6 25.Qe2 Kh8 26.Rad1 Rf7 27.Bg2 Qh6 28.Nxf6 Nxf6 29.Bxc6 bxc6 30.Rf5 Rd7
31.Ne4 Qg6 32.Nxf6 Bxf6 33.e4 Rad8 34.Qd3 Bg7 35.Qe2 Rxd6 36.Rh5+ Kg8 37.Qc4+ Qf7
38.Rxd6 Rxd6 39.Qe2 Qd7 40.Qc4+ Qf7 41.Qe2 Qa7+ 42.Kg2 Qd7 43.Qc4+ Qe6 44.Qa6 Rd2+
45.Kf3 Qd7 46.Qa8+ Kf7 47.Rf5+ Kg6 48.Kg4 Rf2 49.Kh3 Rxf5 50.exf5+ Qxf5+
51.Kg2 Qe4+ 52.Kh3 Qd5 53.Qc8 Kf6 54.g4 e4  0-1

[Event "BL2-O9798"]
[Site "Germany"]
[Date "1997.??.??"]
[Round "2.2"]
[White "Alber, Horst"]
[Black "Heinatz, Thomas"]
[Result "1-0"]
[WhiteElo "2315"]
[BlackElo "2330"]

1.d4 Nf6 2.c4 g6 3.Nc3 Bg7 4.e4 d6 5.Nf3 O-O 6.Be2 e5 7.O-O Nbd7 8.Re1 h6
9.Bf1 c6 10.Rb1 Re8 11.d5 c5 12.g3 Nf8 13.b4 cxb4 14.Rxb4 N6h7 15.Ba3 f5
16.Rb3 Nf6 17.Nb5 Nxe4 18.Rxe4 fxe4 19.Nd2 Bd7 20.Nxe4 Bxb5 21.Rxb5 Re7 22.Bxd6 Rf7
23.c5 Qd7 24.Bc4 Kh7 25.c6 bxc6 26.dxc6 Qxc6 27.Qd5 Qxd5 28.Bxd5 a6 29.Ra5 Rfa7
30.Bxa8 Rxa8 31.Nc5 e4 32.Rxa6 Re8 33.Ra7 Kg8 34.Re7 Rd8 35.Rxg7+ Kxg7 36.Bxf8+ Kh7
37.Be7 Rd1+ 38.Kg2 Rd2 39.Nxe4 Rxa2 40.Bc5 Ra4 41.Kf3 h5 42.h4 Kg7 43.Kf4 Kf7
44.Ke5 Ra6 45.Ng5+ Kg7 46.f4 Ra5 47.Ne4 Kf7 48.f5 gxf5 49.Kxf5 Kg7 50.Kg5 Ra4
51.Nf2 Ra5 52.Nd3 Rb5 53.Kf5 Kf7 54.Ke4 Kf6 55.Be3 Rb3 56.Nf4  1-0

[Event "BL2-O9798"]
[Site "Germany"]
[Date "1997.??.??"]
[Round "2.7"]
[White "Wichmann, Cliff"]
[Black "Eder, Patrick"]
[Result "1/2-1/2"]
[WhiteElo "2230"]
[BlackElo "2210"]

1.Nf3 Nf6 2.c4 g6 3.d4 Bg7 4.Nc3 O-O 5.e4 d6 6.Be2 e5 7.O-O Qe8 8.dxe5 dxe5
9.Be3 Na6 10.h3 b6 11.a3 Bb7 12.Nd2 Nd7 13.b4 f5 14.f3 c5 15.Qb3 Rf7 16.Nd5 Rc8
17.Rfd1 Nf8 18.Nb1 Ne6 19.Nbc3 Nd4 20.Qb2  1/2-1/2

[Event "BL2-O9798"]
[Site "Germany"]
[Date "1997.??.??"]
[Round "3.5"]
[White "Kraeussling, Andreas"]
[Black "Niedermaier, Hans"]
[Result "1-0"]
[WhiteElo "2315"]
[BlackElo "2275"]

1.d4 Nf6 2.c4 g6 3.Nc3 Bg7 4.e4 d6 5.Be2 O-O 6.Nf3 e5 7.dxe5 dxe5 8.Qxd8 Rxd8
9.Bg5 Re8 10.Nd5 Nxd5 11.cxd5 c6 12.Bc4 cxd5 13.Bxd5 Nc6 14.O-O-O h6 15.Be3 Be6
16.Bxe6 Rxe6 17.Rd7 Rc8 18.Kb1 b6 19.Rhd1 Kf8 20.b4 Nxb4 21.Rxa7 Nc6 22.Rb7 Na5
23.Rxb6 Rxb6+ 24.Bxb6 Nc4 25.Rd8+ Rxd8 26.Bxd8 f5 27.Kc2 Ke8 28.Bc7 Kd7 29.Bb8 Kc8
30.Ba7 Kb7 31.Be3 Nd6 32.Nd2 Kc6 33.f3 g5 34.g4 fxg4 35.fxg4 Bf6 36.a4 Bd8
37.Kd3 Bc7 38.h3 Ne8 39.Nf1 Nf6 40.Ng3 Bb6 41.Bd2 Nd7 42.Bb4 Bc5 43.Be1 Bg1
44.a5 Kb5 45.Ke2 Nc5 46.Kf3 Nd3 47.Bd2 Bc5 48.Nf5 Bf8 49.Bc3 Nf4 50.Bxe5 Nxh3
51.Kg2 Nf4+ 52.Bxf4 gxf4 53.Kf3 Kxa5 54.e5  1-0

[Event "NRW-Liga 9798"]
[Site "Germany"]
[Date "1997.??.??"]
[Round "3.6"]
[White "Loehr, Markus"]
[Black "Roski, Ferdinand"]
[Result "1/2-1/2"]
[WhiteElo "2145"]
[BlackElo "2215"]

1.d4 Nf6 2.c4 g6 3.Nc3 Bg7 4.e4 d6 5.Be2 O-O 6.Nf3 Nbd7 7.O-O e5 8.Re1 exd4
9.Nxd4 Nc5 10.Bf1 a5 11.Rb1 Re8 12.f3 Nh5 13.b3 Qh4 14.Nce2 f5 15.g3 Qf6
16.exf5 Bxf5 17.Nxf5 Qxf5 18.Qd5+ Qxd5 19.cxd5 Re7 20.Rd1 Rae8 21.Nf4 Nxf4
22.Bxf4 h6 23.h4 Kh7 24.a3 Be5 25.Bxe5 Rxe5 26.b4 axb4 27.axb4 Nd7 28.Rbc1 Rc8
29.Bh3 Re7 30.Rc3 Kg7 31.Rdc1 Kf6 32.f4 Ra8 33.Bxd7 Rxd7 34.Rxc7 Rxc7 35.Rxc7 Kf5
36.h5 gxh5 37.Kg2 b5 38.Rc6 h4 39.gxh4 Kxf4 40.Rxd6 Ra2+ 41.Kf1 Rb2 42.Rxh6 Rxb4
43.Rb6 Kf3 44.Ke1 Ke3 45.Kf1 Kd4 46.Ke2 Kxd5 47.Kd3 Kc5 48.Rg6 Rxh4 49.Kc3  1/2-1/2